Larousse pocket: diccionario español-francés, francés-español
محفوظ في:
| التنسيق: | كتاب |
|---|---|
| اللغة: | Spanish |
| منشور في: |
Distrito Federal, México
Ediciones Larousse
1994
|
| الموضوعات: | |
| الوسوم: |
إضافة وسم
لا توجد وسوم, كن أول من يضع وسما على هذه التسجيلة!
|
MARC
| LEADER | 00000nam a22000007a 4500 | ||
|---|---|---|---|
| 008 | 180611b xxu||||| |||| 00| 0 spa d | ||
| 040 | |a cru BVZT | ||
| 090 | |a R-413 L-5L FRA-ESP | ||
| 245 | |a Larousse pocket: diccionario español-francés, francés-español | ||
| 260 | |a Distrito Federal, México |b Ediciones Larousse |c 1994 | ||
| 300 | |a xvii, 365 páginas | ||
| 505 | |a Contiene: Abreviaturas Ordenación alfabética en español Transcripción fonética en español y en francés Conjugaciones español y francès Vocablos español-francés, francés-español | ||
| 650 | 0 | |9 27 |a REFERENCIA | |
| 650 | 0 | |9 28 |a DICCIONARIO | |
| 650 | 0 | |9 47 |a ESPAÑOL-FRANCÉS | |
| 942 | |2 z |c REF | ||
| 999 | |c 30536 |d 30536 | ||
